top 30 smallest countries - Statistics

General Stats
  • This quiz has been taken 77 times
  • The average score is 24 of 30
Answers on the Map
Answers color-coded by a green-red scale on the quiz's map according to % correct below.
 
Answer Stats
Answers % Correct
vatican city
98%
san marino
96%
liechtenstein
89%
saint kitts and nevis
89%
nauru
88%
palau
86%
saint lucia
86%
andorra
84%
comoros
84%
malta
84%
monaco
84%
saint vincent and the grenadines
84%
samoa
82%
barbados
80%
maldives
80%
tonga
80%
tuvalu
80%
federated states of micronesia
79%
marshall islands
79%
grenada
77%
antigua and barbuda
75%
luxembourg
75%
sao tome and principe
75%
kiribati
73%
cape verde
71%
dominica
71%
singapore
68%
bahrain
63%
seychelles
59%
mauritius
54%
No matching quizzes found
Score Distribution
Percent of People with Each Score
Percentile by Number Answered
Your Score History
You have not taken this quiz